01790naa a2200241 i 4500001000400000003000400004005001700008008003900025040000800064080001000072080001100082100010500093245025100198260001000449500002100459520050900480650003800989650003701027655003001064700011401094773022301208711011701431BPPBPK20180315091505.0141122s2004 pl f |100 0 pol cBPK a519.6 a621.96 aPATYK, Radosław.bPolitechnika Koszalińska - Wydział Mechaniczny,cZakład Mechaniki Technicznej aApplication of Finite Element Method to analusis of process of material cutting by wedge-shaped tool = Zastosowanie metody elementów skończonych do analizy procesu przecinania materiału klinowym narzędziem /cSylwia Huryn, Radosław Patyk. c2004. aDane z autopsji. aW pracy przedstawiono dwie metodyki rozwiązania zagadnienia procesu przecinanie materiału sztywnym klinowym narzędziem. W pierwszej, problem ten rozwiązano analitycznie w warunkach płaskiego stanu odkształcenia. Zastosowano metodę charakterystyk, przy założeniu braku tarcia w obszarze cięcia oraz braku odkształceń sprężystych i umocnienia materiału. Uproszczenia te wyeliminowano w metodzie drugiej - numerycznej, w której zastosowano metodę elementów skończonych (MES). 0aMetoda elementów skończonych. 0aNaprężenia i odkształcenia. 0aMateriały konferencyjne. aHURYN, Sylwia - doktorant.bPolitechnika Koszalińska - Wydział Mechaniczny,cZakład Mechaniki Technicznej iW :tMateriały I Konferencji Studentów i Młodych Pracowników Nauki Wydziału Mechanicznego : XVI Tydzień Kultury Studenskiej. -dKoszalin : Wydawnictwo Uczelniane Politechniki Koszalińskiej, 2004. -gs. 35-40 aKonferencja Studentów i Młodych Pracowników Nauki Wydziału Mechanicznegon(1 ;d2004 ;cKoszalin, Polska).